[Event "Russian Women's Higher League 2021"]
[Site "?"]
[Date "2021.07.05"]
[Round "9.22"]
[White "Mironenko, Galina"]
[Black "Izbekova, Evdokia"]
[Result "1-0"]
[WhiteElo "1952"]
[BlackElo "1757"]
[Annotator ""]
[Source ""]
[Remark ""]

1.e4 {[%clk 1:30:55]} c5 {[%clk 1:30:43]} 2.Nc3 {[%clk 1:31:14]}
d6 {[%clk 1:30:58]} 3.d4 {[%clk 1:31:35]} cxd4 {[%clk 1:31:22]}
4.Qxd4 {[%clk 1:31:59]} Nc6 {[%clk 1:31:23]} 5.Qd2 {[%clk 1:32:22]}
a6 {[%clk 1:31:15]} 6.b3 {[%clk 1:32:42]} g6 {[%clk 1:28:38]}
7.Bb2 {[%clk 1:32:59]} Bg7 {[%clk 1:28:54]} 8.O-O-O {[%clk 1:32:44]}
Nf6 {[%clk 1:26:58]} 9.f4 {[%clk 1:28:50]} O-O {[%clk 1:26:18]}
10.Nge2 {[%clk 1:21:11]} b5 {[%clk 1:24:23]} 11.Ng3 {[%clk 1:19:44]}
Qb6 {[%clk 1:19:00]} 12.Be2 {[%clk 1:08:46]} Bb7 {[%clk 1:16:07]}
13.Kb1 {[%clk 1:03:15]} Rac8 {[%clk 1:13:31]} 14.h4 {[%clk 0:58:59]}
Qf2 {[%clk 1:08:17]} 15.Bf3 {[%clk 0:52:25]} Qxd2 {[%clk 1:04:57]}
16.Rxd2 {[%clk 0:52:48]} Rfd8 {[%clk 1:04:48]} 17.Rhd1 {[%clk 0:48:26]}
h5 {[%clk 0:52:31]} 18.e5 {[%clk 0:44:52]} Ne8 {[%clk 0:52:05]}
19.Nd5 {[%clk 0:39:59]} Bf8 {[%clk 0:50:56]} 20.Ne4 {[%clk 0:31:54]}
Rb8 {[%clk 0:43:04]} 21.exd6 {[%clk 0:26:43]} Nxd6 {[%clk 0:38:11]}
22.Nef6+ {[%clk 0:22:37]} exf6 {[%clk 0:35:51]} 23.Nxf6+ {[%clk 0:23:02]}
Kh8 {[%clk 0:32:59]} 24.Nd7+ {[%clk 0:22:35]} Kg8 {[%clk 0:31:14]}
25.Nxb8 {[%clk 0:22:01]} Rxb8 {[%clk 0:30:55]} 26.Bxc6 {[%clk 0:18:07]}
Bxc6 {[%clk 0:30:57]} 27.Be5 {[%clk 0:18:26]} Rc8 {[%clk 0:28:43]}
28.Bxd6 {[%clk 0:18:31]} Bxd6 {[%clk 0:29:01]} 29.Rxd6 {[%clk 0:18:54]}
Bxg2 {[%clk 0:29:27]} 30.Rxa6 {[%clk 0:18:19]} Rc3 {[%clk 0:28:29]}
31.Rd3 {[%clk 0:17:17]} Rc5 {[%clk 0:28:37]} 32.Kb2 {[%clk 0:14:48]}
Kg7 {[%clk 0:27:49]} 33.Rd4 {[%clk 0:14:14]} Bh3 {[%clk 0:27:47]}
34.Rb6 {[%clk 0:13:57]} Bf5 {[%clk 0:27:04]} 35.c4 {[%clk 0:12:48]}
bxc4 {[%clk 0:27:18]} 36.bxc4 {[%clk 0:12:46]} Rc7 {[%clk 0:27:14]}
37.a4 {[%clk 0:12:03]} Bg4 {[%clk 0:26:26]} 38.a5 {[%clk 0:11:32]}
Ra7 {[%clk 0:26:32]} 39.a6 {[%clk 0:11:21]} Be2 {[%clk 0:26:00]}
40.Kb3 {[%clk 0:41:11]} Bf1 {[%clk 0:54:26]} 41.Kb4 {[%clk 0:41:28]}
Bg2 {[%clk 0:54:39]} 42.c5 {[%clk 0:41:19]} 1-0

[Event "Russian Women's Higher League 2021"]
[Site "?"]
[Date "2021.07.05"]
[Round "9.23"]
[White "Karmanova, Olga Dm."]
[Black "Plekhanova, Ekaterina"]
[Result "1-0"]
[WhiteElo "2053"]
[BlackElo "1858"]
[Annotator ""]
[Source ""]
[Remark ""]

1.d4 {[%clk 1:30:57]} d5 {[%clk 1:30:57]} 2.c4 {[%clk 1:31:21]}
e6 {[%clk 1:31:23]} 3.Nf3 {[%clk 1:31:46]} dxc4 {[%clk 1:31:46]}
4.e3 {[%clk 1:31:55]} Nf6 {[%clk 1:31:53]} 5.Bxc4 {[%clk 1:32:11]}
a6 {[%clk 1:32:20]} 6.Qe2 {[%clk 1:29:32]} b5 {[%clk 1:31:12]}
7.Bd3 {[%clk 1:28:59]} c5 {[%clk 1:30:22]} 8.O-O {[%clk 1:27:59]}
Bb7 {[%clk 1:25:54]} 9.Nc3 {[%clk 1:23:07]} Nbd7 {[%clk 1:20:48]}
10.Rd1 {[%clk 1:18:02]} Qb6 {[%clk 1:07:33]} 11.Bd2 {[%clk 1:04:47]}
Be7 {[%clk 1:05:43]} 12.a4 {[%clk 1:03:39]} b4 {[%clk 1:05:22]}
13.a5 {[%clk 1:04:03]} Qa7 {[%clk 1:05:23]} 14.Na4 {[%clk 1:03:24]}
cxd4 {[%clk 0:56:35]} 15.exd4 {[%clk 1:02:51]} O-O 16.Bf4 {[%clk 0:49:48]}
Nd5 {[%clk 0:47:41]} 17.Bg3 {[%clk 0:49:15]} Rac8 {[%clk 0:46:35]}
18.Ne5 {[%clk 0:37:57]} N7f6 {[%clk 0:45:56]} 19.Nc4 {[%clk 0:35:56]}
Kh8 {[%clk 0:23:59]} 20.Nab6 {[%clk 0:34:28]} Rcd8 {[%clk 0:22:48]}
21.Be5 {[%clk 0:28:09]} b3 {[%clk 0:17:08]} 22.Bb1 {[%clk 0:22:20]}
Nb4 {[%clk 0:16:30]} 23.Ra3 {[%clk 0:20:14]} Nc6 {[%clk 0:11:04]}
24.Rxb3 {[%clk 0:20:13]} Nxe5 {[%clk 0:11:09]} 25.Nxe5 {[%clk 0:18:18]}
Rd6 {[%clk 0:05:56]} 26.Rh3 {[%clk 0:14:15]} Kg8 27.Nbd7 {[%clk 0:08:18]}
Rxd4 {[%clk 0:02:18]} 28.Nxf6+ {[%clk 0:06:34]} Bxf6 {[%clk 0:02:43]}
29.Bxh7+ {[%clk 0:06:51]} Kh8 {[%clk 0:03:08]} 30.Be4+ {[%clk 0:06:51]}
 1-0

[Event "Russian Women's Higher League 2021"]
[Site "?"]
[Date "2021.07.05"]
[Round "9.24"]
[White "Khmeleva, Anna"]
[Black "Tochilkina, Ekaterina"]
[Result "0-1"]
[WhiteElo "1640"]
[BlackElo "1877"]
[Annotator ""]
[Source ""]
[Remark ""]

1.e4 {[%clk 1:30:56]} c5 {[%clk 1:30:53]} 2.d4 {[%clk 1:31:20]}
cxd4 {[%clk 1:31:12]} 3.c3 {[%clk 1:31:45]} Nf6 {[%clk 1:31:33]}
4.e5 {[%clk 1:32:10]} Nd5 {[%clk 1:31:58]} 5.cxd4 {[%clk 1:32:35]}
d6 {[%clk 1:32:06]} 6.Nf3 {[%clk 1:32:51]} Nc6 {[%clk 1:32:21]}
7.h3 {[%clk 1:32:57]} g6 {[%clk 1:30:10]} 8.Be2 {[%clk 1:32:51]}
Bg7 {[%clk 1:28:30]} 9.exd6 {[%clk 1:32:57]} Qxd6 {[%clk 1:28:37]}
10.Nc3 {[%clk 1:33:16]} O-O {[%clk 1:19:13]} 11.O-O {[%clk 1:31:10]}
Bf5 {[%clk 1:13:26]} 12.Be3 {[%clk 1:29:39]} Rfd8 {[%clk 1:00:48]}
13.Qd2 {[%clk 1:26:28]} Qe6 {[%clk 0:49:11]} 14.Bc4 {[%clk 1:23:43]}
Ncb4 {[%clk 0:46:07]} 15.Rac1 {[%clk 1:20:39]} Rac8 {[%clk 0:37:08]}
16.Ng5 {[%clk 1:18:59]} Qf6 {[%clk 0:29:53]} 17.Nxd5 {[%clk 1:14:25]}
Nxd5 {[%clk 0:29:42]} 18.Nf3 {[%clk 1:12:58]} Qd6 {[%clk 0:22:39]}
19.a3 {[%clk 1:11:21]} Be6 {[%clk 0:15:39]} 20.Qe2 {[%clk 1:03:16]}
Nb6 {[%clk 0:11:24]} 21.Bd3 {[%clk 1:02:39]} Bd5 {[%clk 0:11:28]}
22.Rcd1 {[%clk 0:57:14]} Bc6 {[%clk 0:10:01]} 23.Ng5 {[%clk 0:55:08]}
h6 {[%clk 0:06:10]} 24.Ne4 {[%clk 0:55:05]} Qd5 {[%clk 0:06:36]}
25.f3 {[%clk 0:49:24]} Bxd4 {[%clk 0:06:01]} 26.Qf2 {[%clk 0:49:21]}
Kg7 {[%clk 0:05:04]} 27.Be2 {[%clk 0:49:00]} Bxe3 {[%clk 0:05:05]}
28.Qxe3 {[%clk 0:49:22]} Qe5 {[%clk 0:04:25]} 29.Qc3 {[%clk 0:48:45]}
Qxc3 {[%clk 0:04:09]} 30.Nxc3 {[%clk 0:49:06]} Nd5 {[%clk 0:04:00]}
31.Rc1 {[%clk 0:46:51]} Nxc3 {[%clk 0:03:03]} 32.Rxc3 {[%clk 0:46:53]}
Rd2 {[%clk 0:03:16]} 33.Re3 {[%clk 0:47:18]} Rxb2 {[%clk 0:01:53]}
34.Rxe7 {[%clk 0:47:39]} Bd5 {[%clk 0:01:54]} 35.Rd1 {[%clk 0:47:39]}
Be6 {[%clk 0:02:04]} 36.Rxe6 {[%clk 0:45:42]} fxe6 {[%clk 0:02:27]}
37.Rd7+ Kf6 {[%clk 0:02:40]} 38.Bf1 {[%clk 0:46:05]} Rc1 {[%clk 0:02:32]}
 0-1

[Event "Russian Women's Higher League 2021"]
[Site "?"]
[Date "2021.07.05"]
[Round "9.25"]
[White "Nikolaeva, Nadezhda"]
[Black "Asatryan, Maria"]
[Result "0-1"]
[WhiteElo "1839"]
[BlackElo "1621"]
[Annotator ""]
[Source ""]
[Remark ""]

1.Nf3 {[%clk 1:30:57]} c5 {[%clk 1:30:49]} 2.g3 {[%clk 1:31:15]}
Nc6 {[%clk 1:31:12]} 3.Bg2 {[%clk 1:31:34]} g6 {[%clk 1:31:37]}
4.O-O Bg7 {[%clk 1:31:55]} 5.e4 {[%clk 1:31:11]} d6 {[%clk 1:31:50]}
6.d3 {[%clk 1:30:55]} Rb8 {[%clk 1:30:02]} 7.Nbd2 {[%clk 1:29:34]}
e6 {[%clk 1:26:08]} 8.Nc4 {[%clk 1:26:06]} b5 {[%clk 1:24:11]}
9.Ne3 {[%clk 1:25:41]} Nge7 {[%clk 1:23:27]} 10.Ng5 {[%clk 1:20:02]}
h6 {[%clk 1:18:36]} 11.Nh3 {[%clk 1:19:48]} O-O {[%clk 1:16:13]}
12.Ng4 {[%clk 1:16:15]} Kh7 {[%clk 1:12:49]} 13.f4 {[%clk 1:12:57]}
Qc7 {[%clk 1:01:30]} 14.c3 {[%clk 1:07:23]} f5 {[%clk 0:55:56]}
15.Ne3 {[%clk 1:06:29]} Bd7 {[%clk 0:52:10]} 16.g4 {[%clk 1:02:21]}
Rbe8 {[%clk 0:44:15]} 17.Rf3 {[%clk 0:53:14]} e5 {[%clk 0:34:55]}
18.gxf5 {[%clk 0:51:05]} gxf5 {[%clk 0:34:34]} 19.Rg3 {[%clk 0:50:23]}
Rf6 {[%clk 0:19:02]} 20.Qh5 {[%clk 0:47:56]} Ref8 {[%clk 0:15:13]}
21.exf5 {[%clk 0:41:39]} Bxf5 {[%clk 0:11:46]} 22.Nxf5 {[%clk 0:40:30]}
Nxf5 {[%clk 0:12:05]} 23.Be4 {[%clk 0:39:05]} Kh8 {[%clk 0:10:35]}
24.Rg2 {[%clk 0:37:08]} Qd7 {[%clk 0:06:55]} 25.fxe5 {[%clk 0:30:01]}
Nxe5 {[%clk 0:06:59]} 26.Bf4 {[%clk 0:18:34]} Qf7 {[%clk 0:02:20]}
27.Qxf7 {[%clk 0:18:15]} R6xf7 {[%clk 0:02:44]} 28.Rf2 {[%clk 0:16:26]}
Ne7 {[%clk 0:01:21]} 29.Rd1 {[%clk 0:11:23]} Ng4 {[%clk 0:01:19]}
30.Re2 {[%clk 0:07:07]} Rxf4 {[%clk 0:01:01]} 31.Nxf4 {[%clk 0:07:21]}
Rxf4 {[%clk 0:01:26]} 32.Rf1 {[%clk 0:05:55]} Rxf1+ {[%clk 0:01:29]}
33.Kxf1 {[%clk 0:06:23]} Be5 {[%clk 0:01:57]} 34.h3 {[%clk 0:06:19]}
Nf6 {[%clk 0:02:07]} 35.Bb7 {[%clk 0:05:20]} Nf5 {[%clk 0:02:13]}
36.Rf2 {[%clk 0:05:07]} Ne3+ {[%clk 0:01:23]} 37.Ke2 {[%clk 0:05:15]}
Ned5 {[%clk 0:01:48]} 38.Rf3 {[%clk 0:04:40]} b4 {[%clk 0:00:50]}
39.c4 {[%clk 0:03:54]} Nf4+ {[%clk 0:01:16]} 40.Kd2 {[%clk 0:34:10]}
Ne6 {[%clk 0:31:38]} 41.b3 {[%clk 0:32:55]} Ng5 {[%clk 0:28:54]}
42.Rf1 {[%clk 0:33:08]} Nxh3 {[%clk 0:29:08]} 43.Rh1 {[%clk 0:33:12]}
Nf2 {[%clk 0:29:11]} 44.Rf1 {[%clk 0:32:45]} N2g4 {[%clk 0:29:26]}
45.Bc8 {[%clk 0:31:04]} Kg7 {[%clk 0:28:32]} 46.Bf5 {[%clk 0:30:18]}
h5 {[%clk 0:28:33]} 47.Ke2 {[%clk 0:28:53]} Kh6 {[%clk 0:28:29]}
48.Bc8 {[%clk 0:28:24]} h4 {[%clk 0:26:17]} 49.Bb7 {[%clk 0:28:05]}
Kg5 {[%clk 0:26:22]} 50.Bc6 {[%clk 0:25:27]} Bf4 {[%clk 0:24:08]}
51.Re1 {[%clk 0:20:44]} h3 {[%clk 0:22:46]} 52.Bb7 {[%clk 0:17:03]}
h2 {[%clk 0:21:06]} 53.Kf1 {[%clk 0:15:21]} Ne3+ {[%clk 0:14:00]}
54.Ke2 {[%clk 0:14:51]} Nh5 {[%clk 0:14:05]} 55.Bf3 {[%clk 0:13:41]}
Ng3+ {[%clk 0:13:54]} 56.Kf2 {[%clk 0:13:28]} Ng4+ {[%clk 0:13:35]} 0-1